000 00645nam a2200181Ia 4500
008 090123s9999 xx 000 0 und d
082 _b39687
100 _aबर्वे राजेंद्र
245 _aप्रसन्न विचारांसाठी
250 _a1
260 _bमनोविकास प्रकाशन
_c2006
300 _a128
600 _aबर्वे राजेंद्र
630 _aप्रसन्न विचारांसाठी
700 _aबर्वे राजेंद्र
730 _aप्रसन्न विचारांसाठी
942 _cBOOK
999 _c77760
_d77760